|
|
|
|
| LEADER |
01933nam a2200445 a 4500 |
| 001 |
001162720 |
| 003 |
CZ BrMZK |
| 005 |
20111020114335.0 |
| 006 |
m||||||||d|||||||| |
| 007 |
co^cg |
| 008 |
110810s2011 xr e 00| 0 cze |
| 015 |
|
|
|a cnb002196314
|
| 020 |
|
|
|a 978-80-260-0058-7
|q (CDR)
|
| 040 |
|
|
|a BOA001
|b cze
|
| 072 |
|
7 |
|a 316.4/.7
|x Sociální interakce
|2 Konspekt
|9 18
|
| 072 |
|
7 |
|a 37.016
|x Učební osnovy. Vyučovací předměty. Učebnice
|2 Konspekt
|9 22
|
| 080 |
|
|
|a 316.344.6-056.26/.3
|2 MRF
|
| 080 |
|
|
|a 316.772-028.82
|2 MRF
|
| 080 |
|
|
|a 364-43
|2 MRF
|
| 080 |
|
|
|a 316.77:81'42
|2 MRF
|
| 080 |
|
|
|a (07)
|2 MRF
|
| 080 |
|
|
|a (0.034.44)
|2 MRF
|
| 100 |
1 |
|
|a Krejčířová, Olga,
|d 1949-
|7 ola2002142285
|4 aut
|
| 245 |
1 |
0 |
|a Alternativní a augmentativní komunikace v praxi pracovníků sociálních služeb
|h [elektronický zdroj] :
|b komplexní vzdělávání pracovníků v sociálních službách poradensko informačního centra II /
|c Krejčířová Olga a kol.
|
| 250 |
|
|
|a 1. vyd.
|
| 260 |
|
|
|a Vsetín :
|b Vzdělávací a komunitní centrum Integra,
|c 2011
|
| 300 |
|
|
|a 1 CD-ROM
|
| 500 |
|
|
|a Název z titulní obrazovky; označení vyd. z tiráže
|
| 538 |
|
|
|a Požadavky na systém: Adobe Acrobat Reader
|
| 650 |
0 |
7 |
|a zdravotně postižení
|7 ph127575
|2 czenas
|
| 650 |
0 |
7 |
|a alternativní a augmentativní komunikace
|7 ph221973
|2 czenas
|
| 650 |
0 |
7 |
|a sociální pracovníci
|7 ph125803
|2 czenas
|
| 650 |
0 |
7 |
|a komunikační dovednosti
|7 ph180925
|2 czenas
|
| 655 |
|
7 |
|a učební texty
|7 fd133599
|2 czenas
|
| 655 |
|
7 |
|a CD-ROM
|7 fd133955
|2 czenas
|
| 710 |
2 |
|
|a Komplexní vzdělávání poskytovatelů sociálních služeb v systému poradensko informačního centra (projekt)
|7 mzk2009490522
|
| 910 |
|
|
|a BOA001
|b CDR-1271.356
|
| 990 |
|
|
|a BK
|
| 991 |
|
|
|b 201110
|c NOV
|e n
|
| 996 |
3 |
|
|b 2610486449
|c CDR-1271.356
|l Stud. periodik/2.patro
|r Sklad / do 1 hodiny
|n 6
|p p.v.
|w 001196306
|u 000010
|a 1
|e BOA001
|j MZK50
|s N
|